000 00517nmm a2200157Ia 4500
008 251105s9999||||xx |||||||||||||||||und||
020 _a9789560102034
041 _aspa
100 _aBerguño Hurtado, Fernando
245 0 _aLos soldados de Napoleón en la independencia de Chile (1817-1830)
264 _a[Santiago de Chile, Chile] :
_bRil editores,
_c2015
300 _a356 páginas
650 _aHistory of the Americas: Latin America
856 _uhttps://public.digitaliapublishing.com/a/42588
942 _cCF
999 _c93699
_d93699